Sistema penal acusatorio de Estados Unidos /
Guardado en:
| Autor Principal: | |
|---|---|
| Otros Autores: | |
| Formato: | Libro |
| Idioma: | Spanish |
| Publicado: |
Bogotá :
Legis,
2006
|
| Edición: | 1a. ed. |
| Materias: | |
| Etiquetas: |
Agregar Etiqueta
Sin Etiquetas, Sea el primero en etiquetar este registro!
|
| LEADER | 00728nam a22001815a 4500 | ||
|---|---|---|---|
| 001 | DER.der001535 | ||
| 008 | 180615s2006####ck#||||||||||||||#||spa|| | ||
| 005 | 20250627124600.0 | ||
| 245 | 1 | 0 | |a Sistema penal acusatorio de Estados Unidos / |c Orlando Muñoz Neira ; prólogo de Alfonso Valdivieso Sarmiento. |
| 250 | |a 1a. ed. | ||
| 260 | |a Bogotá : |b Legis, |c 2006 | ||
| 300 | |a 391 p. | ||
| 500 | |a Fundamentos constitucionales. Panorama procesal. Principio de oportunidad. Juicios por jurado. Principales diferencias con el derecho colombiano. | ||
| 020 | |a 9586534685 | ||
| 100 | 1 | |a Muñoz Neira, Orlando | |
| 700 | 1 | |a Valdivieso Sarmiento, Alfonso, |e prol. | |
| 650 | 7 | |a DERECHO PROCESAL PENAL | |
| 859 | |a DERECHO |b BIB. DERECHO |h 345.05 |i MUÑ |p 005443 | ||
